000 00312nam a2200133 i 4500
001 bg
100 1 _aPOKRZYWICKI, Stefan
245 0 _aStruktura elektronowa /
_cStefan Pokrzywicki.
260 _aWrocław,
_c1979.
040 _cBPK
041 _apol
942 _cKS
008 s pl f |000 0 pol
999 _c18529
_d18529
856 _uhttp://koha.tu.koszalin.pl/cgi-bin/koha/opac-detail.pl?biblionumber=18529
_yKatalog online BPK